| 000 | 00501nam a22001457a 4500 | ||
|---|---|---|---|
| 020 | _a9966221263 | ||
| 050 |
_aTA330 _b.A67 1996 |
||
| 245 |
_aApplied mathematics for craft engineering _cS.M. Uppal, Simon N. Gicharu, James Kamau A. N., H.M. Humpherys |
||
| 260 |
_aKenya; Nairobi: _bJomo Kenyatta Foundation, _c1996. |
||
| 300 | _a254p.: | ||
| 500 | _a Includes Revision exercises, table of contents | ||
| 650 | _v1. Ratios and proportions. 2. Algebra | ||
| 700 | _aUppal, S.M. (et..al) | ||
| 942 | _cGEN | ||
| 999 |
_c699 _d699 |
||